México en Montaigne /

保存先:
書誌詳細
第一著者: Montaigne, Michel Eyquem de (autor)
その他の著者: Henestrosa, Andrés (edición) (edición)
フォーマット: 図書
言語:スペイン語
出版事項: México : Ambos Mundos, 1991
タグ: タグ追加
タグなし, このレコードへの初めてのタグを付けませんか!

MARC

LEADER 00000nam^a2200000^a^4500
001 000434364
005 20250526000000.0
009 20260310123104.374
037 |a Acervo ITESO - Biblioteca 
041 |a ESP 
091 |a FHM. 07030 
100 |a Montaigne, Michel Eyquem de  |e (autor) 
245 1 0 |a México en Montaigne / 
264 1 |a México :  |b Ambos Mundos,  |c 1991 
300 |a 28 p. ;  |c 21.5 cm. 
336 |a texto  |b txt  |2 rdacontenido 
337 |a sin mediación  |b n  |2 rdamedio 
338 |a volumen  |b nc  |2 rdasoporte 
649 |a XX 
700 |a Henestrosa, Andrés  |e (edición) 
910 |a Fondo Hugo B. Margáin 
920 |a Impresos - Libros 
930 |a Libros Antiguos y Raros 
905 |a 126 
901 |a 0500315855  |b IT2  |c LRA  |i D108191  |u 20250526 
901 |a 0500305221  |b IT2  |c LRA  |i D109620  |u 20250526 
902 |a https://opac.biblio.iteso.mx/vufind/Record/000434364